Global competitiveness of the U.S. computer software and service industries
Gespeichert in:
| Format: | Buch |
|---|---|
| Sprache: | Undetermined |
| Veröffentlicht: |
Tokyo
1995
|
| Schlagworte: | |
| Tags: |
Tag hinzufügen
Keine Tags, Fügen Sie den ersten Tag hinzu!
|
| Thư viện lưu trữ: | Trung tâm Học liệu Trường Đại học Cần Thơ |
|---|
| LEADER | 00439nam a2200145Ia 4500 | ||
|---|---|---|---|
| 001 | CTU_99106 | ||
| 008 | 210402s9999 xx 000 0 und d | ||
| 082 | |a 005.3 | ||
| 082 | |b G562 | ||
| 245 | 0 | |a Global competitiveness of the U.S. computer software and service industries | |
| 260 | |a Tokyo | ||
| 260 | |c 1995 | ||
| 650 | |a Computer software,Service industries | ||
| 904 | |i M. Loan | ||
| 980 | |a Trung tâm Học liệu Trường Đại học Cần Thơ | ||